| 000 | 00489nam a2200193Ia 4500 | ||
|---|---|---|---|
| 005 | 20140403134442.0 | ||
| 008 | 140130s9999 xx 000 0 und d | ||
| 020 | _a0439536308 | ||
| 050 |
_aPZ 7 _b.F982 2004 |
||
| 100 |
_aFunke, Cornelia _924457 |
||
| 245 |
_cCornelia Funke. _aThe princess knight / |
||
| 260 |
_bScholastic, _c2004. _aUSA : |
||
| 300 |
_a28 p. : _bcol. ill. ; _c28 cm. |
||
| 440 |
_v1 _931174 |
||
| 521 | _aG7 | ||
| 526 | _c890 | ||
| 942 |
_cBK _2lcc |
||
| 999 |
_c41269 _d41269 |
||